000 00369nam a2200145Ia 4500
008 231129s1997||||xx |||||||||||||| ||spa||
020 _a958-30-0387-5
040 _bspa
082 _aCo861.3 F634
100 _aFlorez Julio
245 0 _aJulio Florez: seleccion
260 _c1997
264 _aPanamericana
942 _2ddc
_cBKS
999 _c16278
_d16278